| 000 | 00465nam a2200205Ia 4500 | ||
|---|---|---|---|
| 001 | 14540 | ||
| 003 | GE_BSU | ||
| 008 | 181216s||||||||xx |||||||||||||| ||und|| | ||
| 020 | _a0340649038 | ||
| 040 | _cGE_BSU | ||
| 080 | _a1 | ||
| 100 | _aElliot,Michele | ||
| 245 | _a501 Ways to be a good parent | ||
| 260 | _aLondon | ||
| 260 | _bHodder and Stoughton | ||
| 260 | _c1996 | ||
| 300 | _a335p.ill.20cm. | ||
| 653 | _a501 Ways to be a good parent | ||
| 942 | _cBK | ||
| 999 |
_c47671 _d47671 |
||